Algunas reflexiones en torno a la salud mental /
Salvato in:
| Autore principale: | |
|---|---|
| Natura: | testo |
| Soggetti: | |
| Tags: |
Aggiungi Tag
Nessun Tag, puoi essere il primo ad aggiungerne!!
|
MARC
| LEADER | 00000 a a2200000 04500 | ||
|---|---|---|---|
| 001 | 47622 | ||
| 003 | |||
| 040 | |||
| 090 | |a REV0857 8 (23) 1982 | ||
| 100 | |a Abarca, Sonia | ||
| 245 | |a Algunas reflexiones en torno a la salud mental / |c Sonia Abarca | ||
| 650 | |a SALUD MENTAL | ||
| 650 | |a PSICOLOGIA | ||
| 650 | |a IDEOLOGIAS | ||
| 650 | |a FAMILIA | ||
| 650 | |a IGLESIA | ||
| 650 | |a ESCUELA | ||
| 773 | |g volumen8, número23, setiembre-diciembre (1982) | ||
| 999 | |c 29602 |d 29602 | ||
